Sports Quiz

Random Sports or WWE Quiz

WWE and WCW Heavyweight Champions Quiz Stats

 Plays Quiz not verified by Sporcle

Challenge
Share
Tweet
Embed
Score 0/10 Timer 05:00
0 Plays Today
Champion % Correct
Hulk Hogan
94.4%
'Nature Boy' Ric Flair
87.6%
Diesel/Kevin Nash
82.4%
Chris Jericho
78.4%
Bret Hart
77.9%
'Macho Man' Randy Savage
77.6%
The Rock
76.8%
Big Show/The Giant
71%
Kurt Angle
66.8%
Sid Vicious|Sid Justice|Sycho Sid
54%

You're not logged in!

Compare scores with friends on all Sporcle quizzes.
Join for Free
OR
Log In

You Might Also Like...

Show Comments

Extras

Top Quizzes Today


Score Distribution

Your Account Isn't Verified!

In order to create a playlist on Sporcle, you need to verify the email address you used during registration. Go to your Sporcle Settings to finish the process.

Report this User

Report this user for behavior that violates our Community Guidelines.

Details: